000 00297nam a22001337a 4500
008 170830b xxu||||| |||| 00| 0 eng d
020 _a9780205523658
041 _aeng
080 _24TH
_a070
100 _a40
101 _aMED
245 _aTHE MEDIA IN YOUR LIFE
_cFOLKERTS,J
942 _2udc
_cBK
999 _c25629
_d25629